| LEADER |
00749nam0a2200217 450 |
| 001 |
16824955 |
| 010 |
|
|
|a 978-2-7459-7345-0
|b br.
|d 5,9
|
| 100 |
|
|
|a 20160120d2026 u u0frey01 ba
|
| 101 |
0 |
|
|a fre
|
| 102 |
|
|
|a FR
|
| 200 |
0 |
|
|a Juliette est toute seule dans sa classe
|f Nathalie Dargent, Yannick Thomé
|
| 207 |
|
1 |
|a
|
| 210 |
|
|
|a Toulouse
|b 9 rue des Gestes.
|c Milan
|d DL 2016
|
| 215 |
|
|
|a 1 vol. (non paginé [38] p.)
|c ill. en coul.
|d 18 cm
|
| 225 |
1 |
|
|a (Les )inséparables
|
| 461 |
|
0 |
|t (Les )inséparables
|
| 700 |
|
0 |
|a Dargent
|b Nathalie
|f 1964-....
|4 70
|
| 701 |
|
0 |
|a Thomé
|b Yannick
|4 70
|
| 900 |
|
|
|a Roman enfant
|
| 901 |
|
|
|a Accessible au prêt
|
| 995 |
|
|
|a Bibliothèque
|c Bibliothèque
|f 024017061
|h 024017061
|k E C2 DAR
|o p
|q j
|r az
|e Bibliothèque
|